000 00719 a2200169 4500
003 Nust
005 20170207171535.0
040 _cNust
082 _a005.8
100 _aJan, Muhammad Shahzad (MSIS-10)
245 _aAttacks and Countermeasures of Hash Chain Based Password Authentication Schemes
_cMuhammad Shahzad Jan
260 _aRawalpindi
_bMCS,NUST
_c2015
300 _axii, 77 p
500 _aIntroduction (Page-1), Literature Review and Background of Study (Page-6), Proposed Frame work (Page-20), Analysis and Comparisons of Renowned Protocols (Page-29), Proposed Scheme (Page-54), Frame Work Scrutiny of Proposed Scheme (Page-64), Conclusion and Future Work (Page70),
650 _aPG Thesis
651 _aMSIS-10
942 _cTHS
999 _c217185
_d217185